[Event "RUS-ch Eurasia Cup op"]
[Site "Ekaterinburg"]
[Date "2018.08.03"]
[Round "3"]
[White "Fedortsov, Yakov"]
[Black "Raspopin, Alecsandr"]
[Result "0-1"]
[WhiteElo "1388"]
[BlackElo "1864"]
[PlyCount "60"]
[EventDate "2018.08.01"]
[EventType "swiss"]
[EventRounds "9"]
[EventCountry "RUS"]
[SourceTitle "CBM 185 Extra"]
[Source "ChessBase"]
[SourceDate "2018.07.29"]
[SourceVersion "1"]
[SourceVersionDate "2018.07.29"]
[SourceQuality "1"]

1. d4 d5 2. c4 e6 3. Nc3 Nf6 4. Nf3 Be7 5. e3 0-0 6. Bd3 c5 7. 0-0 Nc6 8. b3 b6 9. Qc2 Nb4 10. Qe2 Nxd3 11. Qxd3 Bb7 12. Bb2 dxc4 13. Qxc4 Bxf3 14. gxf3 cxd4 15. Rfd1 e5 16. exd4 exd4 17. Qxd4 Qxd4 18. Rxd4 Bc5 19. Rd3 Rfd8 20. Rad1 Rxd3 21. Rxd3 Kf8 22. Ne4 Nxe4 23. fxe4 Rc8 24. Kg2 Bxf2 25. Bxg7+ Kxg7 26. Kxf2 Rc2+ 27. Kg3 Rxa2 28. Re3 a5 29. e5 Ra3 30. Kf4 b5 0-1

[Event "RUS-ch Eurasia Cup op"]
[Site "Ekaterinburg"]
[Date "2018.08.02"]
[Round "2"]
[White "Kuzmin, Roman"]
[Black "Fedortsov, Yakov"]
[Result "1-0"]
[WhiteElo "1985"]
[BlackElo "1388"]
[PlyCount "59"]
[EventDate "2018.08.01"]
[EventType "swiss"]
[EventRounds "9"]
[EventCountry "RUS"]
[SourceTitle "CBM 185 Extra"]
[Source "ChessBase"]
[SourceDate "2018.07.29"]
[SourceVersion "1"]
[SourceVersionDate "2018.07.29"]
[SourceQuality "1"]

1. e4 c5 2. Nf3 Nc6 3. d4 cxd4 4. Nxd4 Nf6 5. Nc3 d6 6. Be2 g6 7. 0-0 Bg7 8. Be3 0-0 9. Re1 e5 10. Ndb5 Ne8 11. Qd2 a6 12. Na3 Be6 13. Rad1 Qc7 14. Nd5 Bxd5 15. Qxd5 Rd8 16. Qb3 b5 17. c4 b4 18. Nc2 a5 19. f3 Nf6 20. Qd3 Nh5 21. g3 f5 22. c5 dxc5 23. Qc4+ Kh8 24. Qxc5 fxe4 25. fxe4 Rc8 26. Qb6 Nd4 27. Qxc7 Nxe2+ 28. Rxe2 Rxc7 29. Bb6 Rc4 30. b3 1-0